Statistics for King's Lynn - Local Knowledge

Click here to take the quiz!

General Stats

  • This quiz has been taken 24 times
  • The average score is 4 of 10

Answer Stats

QuestionAnswer% Correct
How many Formula 1 drivers were born in King's Lynn?2
89%
What was King's Lynn named until 1537?Bishop's Lynn
79%
Which town is King's Lynn twinned with?Emmerich am Rhein
79%
In 1637, the city of Lynn was formed in USA in honour of King's Lynn. Which state can it be found in?Massachusetts
42%
What memorial can be found for Frederick Savage?A statue
37%
What is the hottest temperature ever recorded in King's Lynn?35 degrees
32%
What was Frederick Savage (1828 – 1897) famous for?Inventor of steam powered fairground rides
32%
How long is the River Great Ouse?143 miles
26%
Which former British Empire colony was the 1st Lord Napier born in?Sri Lanka
21%
What was The Bentinck pub named after?A local MP
11%

Score Distribution

Percentile by Number Answered

Percent of People with Each Score

Your Score History

You have not taken this quiz